000 00591nam a2200229#a 4500
001 02367
003 HDC
007 ta
008 230623s2010 xx 000 0 eng d
020 _a9788948069822(93520)
_q(hardback)
040 _aHDC
050 _aQK8283.49
_b.K64 2010
245 0 _aKOREAN TRADITIONAL LOCAL CUISINES
264 _aKorea :
_bRural Development Administration,
_c2010.
300 _a232 pages : color illustration ;
_c 24cm.
650 _aCooking. Korea.
650 _aFood
_zKorea.
942 _2lcc
942 _cBK
942 _kQK8283.49
942 _m.K64 2010
999 _c23926
_d23926